Quizzes
Events
Quiz Creation
Community
Videos
Private Events
Remove Ads
Sign In
Join for FREE
Feedback
Dark Mode
Quiz Categories
Sports
Geography
Music
Movies
Television
Just For Fun
Miscellaneous
History
Literature
Language
Science
Gaming
Entertainment
Religion
Holiday
For Kids
Quiz Lab
Recent
Popular Today
Quiz Kudos Today
Editor Picks
Curator Picks
Quizzes by...
Day
Popularity
Type
Ratings
Length
Year
Community
Subscriptions
Recent Discussions
Orange Saloon
Badges
Playlists
Quests
Create
Leaderboards
Showdown
Live 5
Trivia Bingo
Activity
Puzzle Library
Sporcle Events
Private Events
Virtual Trivia
Globe League
Become a Host
Pub Owners
SporcleCon
Opinionation
Our Games
Videos
Blog
Mobile Apps
Partnerships
Remove Ads and Go Orange
Feedback
Movies
Disney
Marvel Cinematic Universe
Movie Resume
Movie Titles
Oscar
Actor
Actress
Director
Pixar
Role
Movie Quotes
Movie Characters
Box Office
Nominee
Best Picture
Star Wars
James Bond
Horror Movies
Movies
Disney
Marvel Cinematic Universe
Movie Resume
Movie Titles
Oscar
Actor
Actress
Director
Pixar
Role
Movie Quotes
Movie Characters
Box Office
Nominee
Best Picture
Star Wars
James Bond
Horror Movies
Random Quiz
Search Sporcle
×
Quiz Lab
Quiz Lab
Movies
prologue
Type in answers that appear in a list
Type in answers that appear in a list
Classic
Best Score? Go Orange.
Conan the Barbarian Prologue Stats
Can you recite the words in the prologue to the 1982 film Conan the Barbarian?
By
LPCouple
3m
61 Questions
155 Plays
155 Plays
155 Plays
Comments
Comments
Give Quiz Kudos
Give Quiz Kudos
-
- Ratings
hide this ad
More Info
Replay
Link that replays current quiz
Next Quiz
Link to next quiz in quiz playlist
You Got
0%
They Got
Avg Score
67%
Avg Friend Score
Upgrade to see
Score Distribution
Jump to the score distribution portion of the page
Score
0/61
Timer
03:00
0
Plays Today
% Correct
a
95.5%
the
94.8%
the
94.8%
the
94.8%
the
94.8%
the
94.8%
the
94.8%
of
88.4%
of
88.4%
of.
88.4%
Conan!
88.4%
of
88.4%
of
88.4%
of
88.4%
of
88.4%
I,
86.5%
an
78.1%
time
75.5%
and
71%
And
71%
Atlantis
69%
was
69%
is
69%
you
67.1%
adventure!
67.1%
when
66.5%
his
66.5%
his
66.5%
It
65.8%
age
64.5%
tell
63.9%
% Correct
tell
63.9%
me
63.2%
oceans
62.6%
rise
62.6%
there
62.6%
high
61.3%
drank
60%
Let
60%
sons
58.7%
to
58.7%
undreamed
57.4%
chronicler,
57.4%
this,
55.5%
Between
54.8%
days
54.8%
crown
53.5%
who
53.5%
brow.
51%
Destined
50.3%
wear
50.3%
Aquilonia
50.3%
upon
50.3%
troubled
50.3%
can
50.3%
alone
47.7%
Aryas,
46.5%
jeweled
45.8%
unto
43.9%
saga.
40.6%
thee
36.8%
Quiz Playlist
Details
Report
Send in Message
Add To Playlist
More Info:
What is best in life? To crush your enemies, see them driven before you, and to hear the lamentation of their women.
Classic:
Type in answers that appear in a list
Last Updated: May 20, 2017
Quiz Scoreboard
CHALLENGE
Sign Up to Join the Scoreboard
Show All
Scores
Hide
Comments
May contain spoilers
Recently Published
An Introduction to Baseball
by treessimontrees
Sports
5m
Movies - When Are They Set?
by FPL_Elf
Movies
5m
Popular People in 1961
by mucciniale
History
6m
More to Explore
Quiz From the Vault
Featured Blog Post
Where Did the Easter Bunny Come From?
hide this ad
You Might Also Like...
Tags
conan
prologue
Today's Top Quizzes in Movies
Browse Movies
hide this ad
Today's Top Quizzes in prologue
Browse prologue
Top Contributed Quizzes in Movies
1
Pick 5 Posters: Directed by Spielberg
2
Multi-Oscar Nominations, One Movie, One Winner
3
12 Movies about Fictional 1960s Events
4
One Thing in Common: Movies
5
Sunday Crossword: Film Score Composers
6
One Thing in Common: Movies II
7
Pick 5 Posters: Lowest-Rated Spielberg
8
Three Word 'H' Movies Match Up
9
Three Word 'T' Movies Match Up
10
7-to-1: Pixar Characters
Explore More
Trending Topics
Crossword
Anime
Kpop
NBA
Marvel
Disney
Harry Potter
WWE
Puzzle
Soccer
Song
Pokémon
Country
NFL
The Office
hide this ad
More By:
LPCouple
Quiz
Plays
Rating
Category
Featured
Created
How Many Film Composers Can You Name?
448
3.00
Music
Feb 25, 2014
Philosopher's Stone Characters by Words Spoken
373
4.29
Literature
Feb 27, 2014
Prisoner of Azkaban Characters by Words Spoken
358
3.67
Literature
Feb 27, 2014
Redwall Characters by Words Spoken
339
4.00
Literature
Feb 27, 2014
Half-Blood Prince Characters by Words Spoken
315
3.50
Literature
Feb 27, 2014
Go to Creator's Profile
Score Distribution
Quiz Creator Spotlight
LPCouple
Follow
Send a Message
Quizzes Created
-
Created Quiz Play Count
-
More By This Creator
Popular Quizzes Today
1
Find the Countries of Europe - No Outlines Minefield
2
Find the US States - No Outlines Minefield
3
The Countries of the World
4
Popular People in 1961
5
US States
6
1-10 Letter E Words III
7
Find the US States
8
One Thing in Common: World Cities II
More Movies Quizzes
Football Movies
Quiz Lab
Trending Quizzes
Risky Map Clicking: Least Populous States A-Z
1-10 Letter F Words
1-10 Letter G Words
One Thing in Common: United Kingdom
Risky Map Clicking: Next State Alphabetically
Recently Updated
Leaping Animals
pecheneg
Reality TV Shows (A-Z)
bhenderson79
Rickey Henderson's Hall of Fame Teammates
pecheneg
Champions League XIs: Arsenal
pecheneg
Quick Pick: Celebrities in WWE's Hall of Fame
aduchscher
A-Z Keypad Blitz II
pecheneg
Multiple Oscar Actors
pecheneg
Mystery Phrase Blitz: Oscar 'Best Actors'
pecheneg
F. Scott Fitzgerald Novels
LTH
Pick 3 Villains
ddd62291
Trending Topics
Disney
Marvel
Anime
NBA
Kpop
Crossword
Harry Potter
Country
Soccer
Song
WWE
NFL
Pokémon
The Office
Puzzle
Your Account Isn't Verified!
In order to create a playlist on Sporcle, you need to verify the email address you used during registration. Go to your
Sporcle Settings
to finish the process.
Report this User
Report this user for behavior that violates our
Community Guidelines
.
Details:
Send Report
Go to the Sporcle.com Mobile Site →
Comments